Urban development in North-West India: emerging trends, concerns and strategies (Record no. 8963)
[ view plain ]
| 000 -LEADER | |
|---|---|
| fixed length control field | 00599nam a2200193Ia 4500 |
| 020 ## - INTERNATIONAL STANDARD BOOK NUMBER | |
| ISBN | 9788185835802 |
| 082 ## - DEWEY DECIMAL CLASSIFICATION NUMBER | |
| Classification number | 307.14160954 TEO-U |
| 100 ## - MAIN ENTRY--AUTHOR NAME | |
| Personal name | Teotia, Manoj Kumar |
| 245 #0 - TITLE STATEMENT | |
| Title | Urban development in North-West India: emerging trends, concerns and strategies |
| 260 ## - PUBLICATION, DISTRIBUTION, ETC. (IMPRINT) | |
| Place of publication | Chandigarh |
| Name of publisher | Centre for Research in Rural and Industr |
| Year of publication | 2016 |
| 300 ## - PHYSICAL DESCRIPTION | |
| Number of Pages | xxix, 372p |
| 504 ## - BIBLIOGRAPHY, ETC. NOTE | |
| Bibliography, etc | Includes References |
| 650 ## - SUBJECT ADDED ENTRY--TOPICAL TERM | |
| Topical Term | Urbanisation |
| Geographic subdivision | India |
| 650 ## - SUBJECT ADDED ENTRY--TOPICAL TERM | |
| Topical Term | Urban policy |
| Geographic subdivision | India |
| 650 ## - SUBJECT ADDED ENTRY--TOPICAL TERM | |
| Topical Term | Cities and towns |
| Form subdivision | Growth |
| 650 ## - SUBJECT ADDED ENTRY--TOPICAL TERM | |
| Topical Term | Sociology, Urban |
| Geographic subdivision | India |
| 650 ## - SUBJECT ADDED ENTRY--TOPICAL TERM | |
| Topical Term | Economic policy |
| Geographic subdivision | India |
| 942 ## - ADDED ENTRY ELEMENTS (KOHA) | |
| Koha item type | Books |
| Withdrawn status | Lost status | Damaged status | Not for loan | Home library | Current library | Date acquired | Source of acquisition | Bill Date | Full call number | Accession Number | Price effective from | Koha item type |
|---|---|---|---|---|---|---|---|---|---|---|---|---|
| NASSDOC Library | NASSDOC Library | 26/05/2017 | Gifted by : MS. Sacratrat | 2017-05-26 | 307.14160954 TEO-U | 49248 | 18/04/2019 | Books |
